[Event "146 Stay Safe Play From Home series"]
[Site "T#646011Emanuel Laske"]
[Date "2020.05.13"]
[Round "9"]
[White "Haxhi Baha"]
[Black "Lazieri3"]
[Result "1-0"]
[WhiteElo "2007"]
[BlackElo "2027"]
[PlyCount "83"]
[EventDate "2020.05.13"]
[EventType "swiss (blitz)"]

1. e4 {[%emt 0:00:01]} c6 {[%emt 0:00:00]} 2. Nc3 {[%emt 0:00:01]} d5 {[%emt 0:00:00]} 3. Nf3 {[%emt 0:00:00]} dxe4 {[%emt 0:00:01]} 4. Nxe4 {[%emt 0:00:00]} Nd7 {[%emt 0:00:01]} 5. Bc4 {[%emt 0:00:01]} Ndf6 {[%emt 0:00:01]} 6. Neg5 {[%emt 0:00:01]} e6 {[%emt 0:00:01]} 7. Qe2 {[%emt 0:00:01]} h6 {[%emt 0:00:01]} 8. Ne4 {[%emt 0:00:01]} Nxe4 {[%emt 0:00:01]} 9. Qxe4 {[%emt 0:00:00]} Nf6 {[%emt 0:00:00]} 10. Qe2 {[%emt 0:00:01]} Bd6 {[%emt 0:00:01]} 11. d3 {[%emt 0:00:00]} O-O {[%emt 0:00:01]} 12. Bd2 {[%emt 0:00:01]} b6 {[%emt 0:00:01]} 13. O-O {[%emt 0:00:01]} Bb7 {[%emt 0:00:01]} 14. h3 {[%emt 0:00:00]} c5 {[%emt 0:00:01]} 15. Ne5 {[%emt 0:00:02]} Qc7 {[%emt 0:00:01]} 16. Ng4 {[%emt 0:00:01]} Nxg4 {[%emt 0:00:01]} 17. Qxg4 {[%emt 0:00:00]} Kh8 {[%emt 0:00:00]} 18. Rae1 {[%emt 0:00:02]} Be5 {[%emt 0:00:01]} 19. c3 {[%emt 0:00:02]} Bf6 {[%emt 0:00:01]} 20. f4 {[%emt 0:00:01]} Rad8 {[%emt 0:00:02]} 21. Qh5 {[%emt 0:00:01]} Kg8 {[%emt 0:00:04]} 22. g4 {[%emt 0:00:01]} Bd5 {[%emt 0:00:03]} 23. g5 {[%emt 0:00:04]} hxg5 {[%emt 0:00:04]} 24. Bxd5 {[%emt 0:00:01]} exd5 {[%emt 0:00:03]} 25. Rf2 {[%emt 0:00:05]} Rfe8 {[%emt 0:00:03]} 26. fxg5 {[%emt 0:00:01]} Rxe1+ {[%emt 0:00:01]} 27. Bxe1 {[%emt 0:00:00]} Qe5 {[%emt 0:00:04]} 28. h4 {[%emt 0:00:04]} Qxe1+ {[%emt 0:00:02]} 29. Kg2 {[%emt 0:00:00]} Be5 {[%emt 0:00:03]} 30. Qxf7+ {[%emt 0:00:01]} Kh8 {[%emt 0:00:02]} 31. Qh5+ {[%emt 0:00:01]} Kg8 {[%emt 0:00:01]} 32. g6 {[%emt 0:00:01]} Qxf2+ {[%emt 0:00:06]} 33. Kxf2 {[%emt 0:00:01]} Rf8+ {[%emt 0:00:01]} 34. Kg2 {[%emt 0:00:01]} Rf4 {[%emt 0:00:04]} 35. Qh7+ {[%emt 0:00:00]} Kf8 {[%emt 0:00:01]} 36. Qh8+ {[%emt 0:00:01]} Ke7 {[%emt 0:00:01]} 37. Qc8 {[%emt 0:00:02]} Kf6 {[%emt 0:00:00]} 38. Qd8+ {[%emt 0:00:01]} Kxg6 {[%emt 0:00:01]} 39. Qg5+ {[%emt 0:00:01]} Kh7 {[%emt 0:00:02]} 40. Qxe5 {[%emt 0:00:00]} Rf6 {[%emt 0:00:00]} 41. Qh5+ {[%emt 0:00:01]} Rh6 {[%emt 0:00:01]} 42. Qf7 {[%emt 0:00:01] Time (Lag: Av=0.64s, max=1.0s)} 1-0

[Event "146 Stay Safe Play From Home series"]
[Site "T#646011Emanuel Laske"]
[Date "2020.05.13"]
[Round "9"]
[White "Chase the sun"]
[Black "Edmatuag"]
[Result "1-0"]
[WhiteElo "1836"]
[BlackElo "1630"]
[Annotator "NA"]
[PlyCount "77"]
[EventDate "2020.05.13"]
[EventType "swiss (blitz)"]

1. e4 {[%emt 0:00:02]} d6 {[%emt 0:00:01]} 2. Nc3 {[%emt 0:00:01]} c5 {[%emt 0:00:00]} 3. f4 {[%emt 0:00:00]} Nc6 {[%emt 0:00:00]} 4. Nf3 {[%emt 0:00:00]} b6 {[%emt 0:00:00]} 5. Bc4 {[%emt 0:00:00]} Be6 {[%emt 0:00:01]} 6. d3 {[%emt 0:00:00]} Bxc4 {[%emt 0:00:02]} 7. dxc4 {[%emt 0:00:00]} e6 {[%emt 0:00:01]} 8. O-O {[%emt 0:00:00]} Nf6 {[%emt 0:00:00]} 9. h3 {[%emt 0:00:02]} Be7 {[%emt 0:00:00]} 10. Qe1 {[%emt 0:00:01]} Qc7 {[%emt 0:00:02]} 11. Be3 {[%emt 0:00:01]} O-O {[%emt 0:00:02]} 12. Rd1 {[%emt 0:00:00]} Rad8 {[%emt 0:00:03]} 13. g4 {[%emt 0:00:00]} d5 {[%emt 0:00:01]} 14. g5 {[%emt 0:00:00]} d4 {[%emt 0:00:01]} 15. gxf6 {[%emt 0:00:01]} Bxf6 {[%emt 0:00:01]} 16. e5 {[%emt 0:00:04]} Be7 {[%emt 0:00:02]} 17. Bf2 {[%emt 0:00:05]} dxc3 {[%emt 0:00:02]} 18. Qxc3 {[%emt 0:00:00]} Nd4 {[%emt 0:00:03]} 19. Nxd4 {[%emt 0:00:02]} cxd4 {[%emt 0:00:01]} 20. Rxd4 {[%emt 0:00:02]} Rxd4 {[%emt 0:00:04]} 21. Bxd4 {[%emt 0:00:00]} Bc5 {[%emt 0:00:01]} 22. b3 {[%emt 0:00:03]} Rd8 {[%emt 0:00:05]} 23. Rd1 {[%emt 0:00:02]} Qe7 {[%emt 0:00:01]} 24. Rd3 {[%emt 0:00:06]} Bb4 {[%emt 0:00:01]} 25. Qb2 {[%emt 0:00:01]} Qh4 {[%emt 0:00:02]} 26. Bf2 {[%emt 0:00:02]} Qe7 {[%emt 0:00:05]} 27. Rxd8+ {[%emt 0:00:02]} Qxd8 {[%emt 0:00:01]} 28. c3 {[%emt 0:00:01]} Be7 {[%emt 0:00:04]} 29. Qe2 {[%emt 0:00:03]} h6 {[%emt 0:00:02]} 30. b4 {[%emt 0:00:02]} Qd7 {[%emt 0:00:03]} 31. c5 {[%emt 0:00:02]} bxc5 {[%emt 0:00:01]} 32. Bxc5 {[%emt 0:00:00]} Bxc5+ {[%emt 0:00:02]} 33. bxc5 {[%emt 0:00:00]} Qc6 {[%emt 0:00:01]} 34. Qc4 {[%emt 0:00:02]} Qf3 {[%emt 0:00:01]} 35. Qf1 {[%emt 0:00:03]} Qg3+ {[%emt 0:00:01]} 36. Qg2 {[%emt 0:00:00]} Qe3+ {[%emt 0:00:01]} 37. Kh2 {[%emt 0:00:01]} Qxc3 {[%emt 0:00:01]} 38. Qg3 {[%emt 0:00:00]} Qxc5 {[%emt 0:00:01]} 39. h4 {[%emt 0:00:01] Time (Lag: Av=0.55s, max=1.6s)} 1-0

[Event "146 Stay Safe Play From Home series"]
[Site "T#646011Emanuel Laske"]
[Date "2020.05.13"]
[Round "9"]
[White "Ionutn28"]
[Black "Fischer_11"]
[Result "1-0"]
[WhiteElo "1819"]
[BlackElo "1964"]
[PlyCount "45"]
[EventDate "2020.05.13"]
[EventType "swiss (blitz)"]

1. e4 {[%emt 0:00:01]} Nf6 {[%emt 0:00:02]} 2. d3 {[%emt 0:00:02]} e5 {[%emt 0:00:01]} 3. Nd2 {[%emt 0:00:00]} d5 {[%emt 0:00:00]} 4. Ngf3 {[%emt 0:00:03]} dxe4 {[%emt 0:00:01]} 5. dxe4 {[%emt 0:00:00]} Nc6 {[%emt 0:00:01]} 6. Bc4 {[%emt 0:00:01]} Bg4 {[%emt 0:00:00]} 7. O-O {[%emt 0:00:01]} Nd4 {[%emt 0:00:00]} 8. Be2 {[%emt 0:00:03]} Nxe2+ {[%emt 0:00:01]} 9. Qxe2 {[%emt 0:00:00]} Bd6 {[%emt 0:00:02]} 10. h3 {[%emt 0:00:00]} Bh5 {[%emt 0:00:01]} 11. Qb5+ {[%emt 0:00:03]} Qd7 {[%emt 0:00:07]} 12. Qxd7+ {[%emt 0:00:01]} Kxd7 {[%emt 0:00:03]} 13. Re1 {[%emt 0:00:04]} Rhe8 {[%emt 0:00:02]} 14. c3 {[%emt 0:00:01]} c6 {[%emt 0:00:01]} 15. Nc4 {[%emt 0:00:02]} Rad8 {[%emt 0:00:02]} 16. Bg5 {[%emt 0:00:02]} Bxf3 {[%emt 0:00:04]} 17. gxf3 {[%emt 0:00:01]} Kc7 {[%emt 0:00:02]} 18. Rad1 {[%emt 0:00:01]} Be7 {[%emt 0:00:01]} 19. Nxe5 {[%emt 0:00:02]} Rxd1 {[%emt 0:00:01]} 20. Rxd1 {[%emt 0:00:00]} Kb6 {[%emt 0:00:17]} 21. Nxf7 {[%emt 0:00:01]} Rd8 {[%emt 0:00:02]} 22. Nxd8 {[%emt 0:00:01]} Bxd8 {[%emt 0:00:00]} 23. Rxd8 {[%emt 0:00:01] Fischer_11 gibt auf (Lag: Av=0.45s, max=1.1s)} 1-0

[Event "146 Stay Safe Play From Home series"]
[Site "T#646011Emanuel Laske"]
[Date "2020.05.13"]
[Round "9"]
[White "Nagaram"]
[Black "UHU4"]
[Result "1-0"]
[WhiteElo "1574"]
[BlackElo "1552"]
[Annotator "NA"]
[PlyCount "47"]
[EventDate "2020.05.13"]
[EventType "swiss (blitz)"]

1. e4 {[%emt 0:00:02]} d5 {[%emt 0:00:01]} 2. exd5 {[%emt 0:00:01]} Qxd5 {[%emt 0:00:01]} 3. Nc3 {[%emt 0:00:01]} Qa5 {[%emt 0:00:01]} 4. b4 {[%emt 0:00:01]} Qxb4 {[%emt 0:00:01]} 5. Rb1 {[%emt 0:00:01]} Qd6 {[%emt 0:00:02]} 6. d4 {[%emt 0:00:01]} Bf5 {[%emt 0:00:03]} 7. Nf3 {[%emt 0:00:01]} Nd7 {[%emt 0:00:03]} 8. Bd3 {[%emt 0:00:01]} Bg4 {[%emt 0:00:02]} 9. Be3 {[%emt 0:00:02]} Ngf6 {[%emt 0:00:01]} 10. O-O {[%emt 0:00:01]} e6 {[%emt 0:00:02]} 11. Be2 {[%emt 0:00:01]} Be7 {[%emt 0:00:01]} 12. h3 {[%emt 0:00:01]} h5 {[%emt 0:00:01]} 13. Re1 {[%emt 0:00:06]} b6 {[%emt 0:00:04]} 14. Bd3 {[%emt 0:00:02]} a6 {[%emt 0:00:08]} 15. Kf1 {[%emt 0:00:03]} Nd5 {[%emt 0:00:01]} 16. Nxd5 {[%emt 0:00:02]} exd5 {[%emt 0:00:01]} 17. hxg4 {[%emt 0:00:01]} hxg4 {[%emt 0:00:01]} 18. Ne5 {[%emt 0:00:02]} Nxe5 {[%emt 0:00:01]} 19. dxe5 {[%emt 0:00:00]} Qxe5 {[%emt 0:00:01]} 20. Bxb6 {[%emt 0:00:01]} Qh2 {[%emt 0:00:09]} 21. Bxc7 {[%emt 0:00:02]} Qh1+ {[%emt 0:00:02]} 22. Ke2 {[%emt 0:00:01]} Qxg2 {[%emt 0:00:01]} 23. Kd2 {[%emt 0:00:01]} g3 {[%emt 0:00:06]} 24. Qe2 {[%emt 0:00:01] Tiempo (Lag: Av=1.17s, max=2.8s)} 1-0

[Event "146 Stay Safe Play From Home series"]
[Site "T#646011Emanuel Laske"]
[Date "2020.05.13"]
[Round "9"]
[White "Tobo Rubirosa"]
[Black "Lucknow"]
[Result "0-1"]
[WhiteElo "1549"]
[BlackElo "1758"]
[Annotator "NA"]
[PlyCount "96"]
[EventDate "2020.05.13"]
[EventType "swiss (blitz)"]

1. Nf3 {[%emt 0:00:02]} c5 {[%emt 0:00:00]} 2. d4 {[%emt 0:00:01]} d6 {[%emt 0:00:00]} 3. dxc5 {[%emt 0:00:03]} Qa5+ {[%emt 0:00:01]} 4. Bd2 {[%emt 0:00:03]} Qxc5 {[%emt 0:00:00]} 5. g3 {[%emt 0:00:01]} Qc7 {[%emt 0:00:00]} 6. Bg2 {[%emt 0:00:01]} Nc6 {[%emt 0:00:00]} 7. O-O {[%emt 0:00:01]} e6 {[%emt 0:00:00]} 8. c4 {[%emt 0:00:01]} Nf6 {[%emt 0:00:00]} 9. Nc3 {[%emt 0:00:01]} Be7 {[%emt 0:00:01]} 10. Bf4 {[%emt 0:00:01]} O-O {[%emt 0:00:02]} 11. Qd2 {[%emt 0:00:01]} a6 {[%emt 0:00:01]} 12. Rfd1 {[%emt 0:00:01]} Rd8 {[%emt 0:00:01]} 13. Rac1 {[%emt 0:00:01]} Qb8 {[%emt 0:00:01]} 14. e4 {[%emt 0:00:03]} e5 {[%emt 0:00:01]} 15. Bg5 {[%emt 0:00:01]} Be6 {[%emt 0:00:01]} 16. Bxf6 {[%emt 0:00:01]} Bxf6 {[%emt 0:00:01]} 17. Nd5 {[%emt 0:00:00]} Bxd5 {[%emt 0:00:01]} 18. cxd5 {[%emt 0:00:01]} Na7 {[%emt 0:00:04]} 19. Bf1 {[%emt 0:00:03]} Be7 {[%emt 0:00:04]} 20. Bd3 {[%emt 0:00:02]} Rc8 {[%emt 0:00:02]} 21. Rxc8+ {[%emt 0:00:02]} Qxc8 {[%emt 0:00:01]} 22. Rc1 {[%emt 0:00:00]} Qd8 {[%emt 0:00:01]} 23. Rc3 {[%emt 0:00:02]} Rc8 {[%emt 0:00:01]} 24. Qc2 {[%emt 0:00:01]} Rxc3 {[%emt 0:00:02]} 25. Qxc3 {[%emt 0:00:01]} Qc8 {[%emt 0:00:00]} 26. Qxc8+ {[%emt 0:00:02]} Nxc8 {[%emt 0:00:00]} 27. Kf1 {[%emt 0:00:01]} Bd8 {[%emt 0:00:01]} 28. Ke2 {[%emt 0:00:01]} Kf8 {[%emt 0:00:00]} 29. Nd2 {[%emt 0:00:05]} Ke8 {[%emt 0:00:00]} 30. Nc4 {[%emt 0:00:01]} Kd7 {[%emt 0:00:02]} 31. a3 {[%emt 0:00:02]} b5 {[%emt 0:00:01]} 32. Nd2 {[%emt 0:00:02]} Nb6 {[%emt 0:00:01]} 33. Nb3 {[%emt 0:00:02]} Na4 {[%emt 0:00:04]} 34. Na5 {[%emt 0:00:02]} Bxa5 {[%emt 0:00:02]} 35. b4 {[%emt 0:00:01]} Bb6 {[%emt 0:00:02]} 36. Bxb5+ {[%emt 0:00:02]} axb5 {[%emt 0:00:01]} 37. Kd3 {[%emt 0:00:01]} Bxf2 {[%emt 0:00:02]} 38. Ke2 {[%emt 0:00:01]} Bd4 {[%emt 0:00:01]} 39. Kf3 {[%emt 0:00:00]} Nb6 {[%emt 0:00:00]} 40. Kg4 {[%emt 0:00:00]} Nc4 {[%emt 0:00:01]} 41. Kf3 {[%emt 0:00:00]} Nxa3 {[%emt 0:00:01]} 42. Ke2 {[%emt 0:00:00]} Nc2 {[%emt 0:00:01]} 43. Kd3 {[%emt 0:00:00]} Nxb4+ {[%emt 0:00:00]} 44. Kd2 {[%emt 0:00:01]} Na6 {[%emt 0:00:00]} 45. Kd3 {[%emt 0:00:01]} b4 {[%emt 0:00:00]} 46. Kc2 {[%emt 0:00:01]} Kc7 {[%emt 0:00:00]} 47. Kb3 {[%emt 0:00:00]} Kb6 {[%emt 0:00:00]} 48. Ka4 {[%emt 0:00:00]} Kc5 {[%emt 0:00:01] Tiempo (Lag: Av=0.51s, max=1.1s)} 0-1

[Event "146 Stay Safe Play From Home series"]
[Site "T#646011Emanuel Laske"]
[Date "2020.05.13"]
[Round "9"]
[White "Pokerpapi"]
[Black "Matanant"]
[Result "1-0"]
[WhiteElo "1474"]
[BlackElo "1570"]
[Annotator "NA"]
[PlyCount "37"]
[EventDate "2020.05.13"]
[EventType "swiss (blitz)"]

1. e4 {[%emt 0:00:01]} e5 {[%emt 0:00:02]} 2. Bc4 {[%emt 0:00:01]} Nf6 {[%emt 0:00:02]} 3. Bxf7+ {[%emt 0:00:01]} Kxf7 {[%emt 0:00:02]} 4. Qf3 {[%emt 0:00:00]} d6 {[%emt 0:00:05]} 5. Qb3+ {[%emt 0:00:00]} d5 {[%emt 0:00:06]} 6. Nf3 {[%emt 0:00:02]} Nc6 {[%emt 0:00:02]} 7. d3 {[%emt 0:00:02]} Rb8 {[%emt 0:00:04]} 8. c3 {[%emt 0:00:01]} Be6 {[%emt 0:00:02]} 9. Ng5+ {[%emt 0:00:04]} Ke7 {[%emt 0:00:03]} 10. Nxe6 {[%emt 0:00:02]} Kxe6 {[%emt 0:00:01]} 11. Bg5 {[%emt 0:00:07]} Bc5 {[%emt 0:00:03]} 12. Nd2 {[%emt 0:00:01]} Rf8 {[%emt 0:00:07]} 13. O-O {[%emt 0:00:01]} h6 {[%emt 0:00:01]} 14. Bh4 {[%emt 0:00:02]} g5 {[%emt 0:00:02]} 15. Bg3 {[%emt 0:00:02]} Ke7 {[%emt 0:00:04]} 16. Nf3 {[%emt 0:00:00]} Qd6 {[%emt 0:00:04]} 17. Rad1 {[%emt 0:00:04]} Rbe8 {[%emt 0:00:03]} 18. Rfe1 {[%emt 0:00:01]} Kd8 {[%emt 0:00:03]} 19. Qxb7 {[%emt 0:00:02] Time (Lag: Av=0.43s, max=0.8s)} 1-0